000 00268nam a2200097Ia 4500
082 _a731 LEAP
245 0 _aBeginner's guide to sculpture
100 _a LEAPER, Chloe Enderby, Leicester, 2003
_994027
942 _cBK
008 210817s9999 xx 000 0 und d
999 _c384602
_d384601